000 00732cam a2200229 4500
001 WB3603-23
008 000000n2000 000 0 eng u
035 _a(Sirsi) u103694
245 _aMergers turn sour
260 _c2000
490 _aSunday Times
_v16 January 2000, 11(2)
520 _aSurveying firms who merged with US companies, such as Jones Lang Lasalle, are finding life as public companies difficult, with their share price dropping on Wall Street.
590 _aWB
650 _aMERGERS
650 _aSURVEYING FIRMS
650 _aJONES LANG LASALLE
650 _aCBRE
650 _aSHARE PRICES
650 _aUS COMPANIES
690 _aMANAGEMENT-BUSINESS MANAGEMENT-PROFESSIONAL PRACTICE
942 _n0
999 _c62270
_d62270